000 00791nam a2200217Ia 4500
001 9136
003 GE_BSU
008 181216s||||||||xx |||||||||||||| ||und||
040 _cGE_BSU
080 _a821.353.1-32
100 _aლომოური,ნიკო
245 _aთხზულებანი:2ტომად ტ.1
245 _bტ.1:მოთხრობები
245 _cწინასიტყვ:ავტ;სოლომონ ხუციშვილი;რედ:თ.სამუკაშვილი;მხატვ:ვ.მდინარაძე
260 _aთბილისი.
260 _bსაბჭ.საქართველო
260 _c1963
300 _a508გვ;20სმ
653 _aმოთხრობები
942 _cBK
999 _c42440
_d42440